<?xml version="1.0" encoding="UTF-8"?>
<collection xmlns="http://www.loc.gov/MARC21/slim">
 <record>
  <leader>00742nam a22002055a 4500</leader>
  <controlfield tag="001">EHU.bham042083</controlfield>
  <controlfield tag="003">AR-BHAM</controlfield>
  <controlfield tag="005">20130503134536.0</controlfield>
  <controlfield tag="008">130507s2012##################000#0#####d</controlfield>
  <datafield tag="020" ind1=" " ind2=" ">
   <subfield code="a">9786070237607</subfield>
  </datafield>
  <datafield tag="082" ind1="9" ind2="4">
   <subfield code="a">946.01</subfield>
  </datafield>
  <datafield tag="245" ind1="0" ind2="0">
   <subfield code="a">Fernando iii :</subfield>
   <subfield code="b">tiempo de cruzada  /</subfield>
   <subfield code="c"> Ed. Por Carlos Ayala Martínez, Martín Ríos Saloma</subfield>
  </datafield>
  <datafield tag="260" ind1=" " ind2=" ">
   <subfield code="a">México :</subfield>
   <subfield code="b">Unam, Instituto de Investigaciones Históricas ; Sílex,</subfield>
   <subfield code="c">2012</subfield>
  </datafield>
  <datafield tag="300" ind1=" " ind2=" ">
   <subfield code="a">518 p.</subfield>
  </datafield>
  <datafield tag="600" ind1="1" ind2="4">
   <subfield code="a">Fernando III-rey de Castilla y León, 1199?-1252</subfield>
  </datafield>
  <datafield tag="653" ind1=" " ind2=" ">
   <subfield code="a">España-historia de</subfield>
  </datafield>
  <datafield tag="653" ind1=" " ind2=" ">
   <subfield code="a">Castilla-españa-historia de</subfield>
  </datafield>
  <datafield tag="700" ind1="1" ind2=" ">
   <subfield code="a">Ayala Martínez, Carlos, ed.</subfield>
  </datafield>
  <datafield tag="700" ind1="1" ind2=" ">
   <subfield code="a">Ríos Saloma, Martín, ed.</subfield>
  </datafield>
  <datafield tag="859" ind1=" " ind2=" ">
   <subfield code="a">AR-BHAM</subfield>
   <subfield code="b">BIB. HUMANIDADES - General</subfield>
   <subfield code="h">946.01</subfield>
   <subfield code="i">F393</subfield>
   <subfield code="p">62.13</subfield>
   <subfield code="t">Ej.1</subfield>
  </datafield>
 </record>
</collection>
